000 00431nam a22002057a 4500
003 UA-OsUOA
001 38366
007 ta
008 20071201b un ||||| |||| 00| 0 ukr d
090 _a050
_bС25
942 _cNP
040 _aUA-OsUOA
_bukr
_cUA-OsUOA
_dUA-OsUOA
245 _aСвобода
955 _a4
041 _aukr
080 _a050
310 _aЧ. 46, листопад 2000
650 7 _2UDC
999 _c436882
_d436882